00802nam a2200181 a 4500001000400000003000900004008004100013040002800054082001600082100002500098245003500123260005300158300001500211490001400226505034900240650001900589650001200608845CO-ViMGA141112s2004 ck r 000 u spa d aCO-ViMGAbspacCO-ViMGA04a617.96 A5811 aAlvarez, Tiberio, ed10aCirugía : banestesiología aMedelllín : bUniversidad de Antioquia, c1995 a454 p : il aCirugía aEvolución histórica de la anestesiología 3 - - Máquina de anestesia 55 - - Administración de la anestesia 99 - - Inducción anestesica 109 - - Anestesia conductiva epidural 162 - - Bloqueo nerviosos regionales 187 - - Anestesia obstetrica 235 - - Anestesia pediátrica 249 - - Anestesia en trauma 297 - - Anestesia ambulatoria 304 14aANESTESIOLOGIA14aCIRUGIA